Les fondements économiques de la protection / (Record no. 161547)

MARC details
000 -LEADER
campo de control de longitud fija 00804nam a22002175i 4500
001 - NÚMERO DE CONTROL
campo de control 161547
003 - IDENTIFICADOR DE NÚMERO DE CONTROL
campo de control ES-MaACL
005 - FECHA Y HORA DE LA ÚLTIMA TRANSACCIÓN
campo de control 20250721062640.0
008 - DATOS DE LONGITUD FIJA--INFORMACIÓN GENERAL
campo de control de longitud fija 991110s1899 fr |||| | fre d
040 ## - FUENTE DE CATALOGACIÓN
Centro catalogador/agencia de origen M-RAJU
Lengua de catalogación spa
Centro/agencia transcriptor M-RAJU
Centro/agencia modificador CCPB | B
100 1# - ENTRADA PRINCIPAL--NOMBRE DE PERSONA
Nombre de persona Patten, Simon N.
9 (RLIN) 130901
245 14 - MENCIÓN DEL TÍTULO
Título Les fondements économiques de la protection /
Mención de responsabilidad, etc. par Simon N. Patten ; traduit sur la 2e édition par F. Lepelletier ; avec une préface de Paul Cauwès.
260 ## - PUBLICACIÓN, DISTRIBUCIÓN, ETC.
Lugar de publicación, distribución, etc. Paris :
Nombre del editor, distribuidor, etc. V. Giard & E. Brière, libraires-éditeurs,
Fecha de publicación, distribución, etc. 1899.
300 ## - DESCRIPCIÓN FÍSICA
Extensión XIII, 215 p. ;
Dimensiones 18 cm.
650 #7 - PUNTO DE ACCESO ADICIONAL DE MATERIA--TÉRMINO DE MATERIA
Término de materia o nombre geográfico como elemento de entrada Economía
Fuente del encabezamiento o término embne
9 (RLIN) 12006
700 11 - ENTRADA AGREGADA--NOMBRE PERSONAL
Nombre de persona Lepelletier, F.,
Término indicativo de función/relación
9 (RLIN) 71721
700 11 - ENTRADA AGREGADA--NOMBRE PERSONAL
Nombre de persona Cauwés, Paul,
Término indicativo de función/relación
9 (RLIN) 37129
752 ## - ENTRADA AGREGADA--NOMBRE JERÁRQUICO DEL LUGAR
País o entidad superior Francia -
Ciudad París
852 ## - LOCALIZACIÓN
Ubicación ES-MaACL
Número de control de estantería F-12569
Nota libre -- Enc. tela
Holdings
Estatus retirado Estado de pérdida Estado de daño No para préstamo Colección Biblioteca de origen Biblioteca actual Ubicación en estantería Fecha de adquisición Fuente de adquisición Total de préstamos Signatura topográfica completa Código de barras Visto por última vez Precio de reemplazo Tipo de ítem Koha
        Libros del s. XIX Biblioteca del Ateneo de Madrid Biblioteca del Ateneo de Madrid Sala Pecera Planta 2 17/01/2008     F-12569 1169217 23/02/2023 23/02/2023 Libro impreso antiguo